000 nam a22 a 4500
999 _c146191
_d146191
003 BLK
005 20230127121204.0
008 180410b bul|||||r ||||||| ||bul||
010 _aKNG00152377000
040 _aBLK
041 _aBUL
_cBUL
080 _aАнглийска литература
_b821.111
_x-93-32
_z821.111-93-32
100 1 _aДжон, Патриция Ст.
_eпърви автор
_9329064
139 _aДжон, Патриция Ст.
_bД 52
245 1 0 _aОткритията на Люси
_cПатриция Ст. Джон.
257 _aGBR
260 _c1992
300 _a119 с.
_c21 см
380 _aDX
500 _aОриг. заглавие е The Mystery of Pheassant Cottage
852 _aЦб 262672
856 4 _qpdf
_i0.00
_ldisable
856 4 _qpdf
_i0.00
_ldisable
942 _cKNG
_n0
_02
_s1
944 _aCR
_c23.10.2013
_l23.10.2013 - от С1,Р / 23.10.2013
_kГеновева_Генчева
944 _aED
_c23.10.2013
_l23.10.2013 - от С1,Р / 23.10.2013
999 _d146191